000 00618nam a2200193Ia 4500
005 20250508165854.0
008 008 250505s9999 xx 000 0 eng d
037 _aDissertations
040 _aFEDL
_beng
_cFEDL
041 _aeng
_2eng
084 _a371.1, YAD/DI
_qFEDL
100 _aYadav Manisha
245 0 _aPositioning of the reflective practices inthe preparation of teachers: A case of elementary education programme
260 _c2017
300 _a244p.
546 _aM. Phil Dissertation (Delhi University); C D Included
942 _cDIS
_h371.1, YAD/DI
999 _c1397915
_d1397915